00929 2200337 4500001002100000005001500021035002000036007000300056040001700059100003700076245005600113250001100169300003700180504002400217020002200241041000800263082000800271084001400279090002000293264003300313336002100346337003000367338002300397650001400420700004000434850001000474008004100484990002200525990002200547990002200569INLIS00000000000810520260529082701 a0010-0922000594ta aSBPUPADbind0 aYannes Irwan MahendraePengarang1 aDari Hobi Jadi Profesional /cYannes Irwan Mahendra a.-Ed.2 ax, 86 hlm :bilus. ;c19 x 23 cm aBibliografi, hlm 81 a978-979-29-1504-407aind a771 a770 YAN d a770 YAN d L23-6 a.--Yogyakarta :bANDI,c2010 2rdacontentateks 2rdamediaatanpa perantara 2rdacarrieravolume 4aFotografi0 aEditor, Maria Agustina SePengarang aPUPAD260529 0  a27.523/P/DPK/2018 a27.521/P/DPK/2018 a27.522/P/DPK/2018